000 00552nam a2200181Ia 4500
008 240729s9999 xx 000 0 und d
022 _a2046-3758
245 0 _aBone & Joint Research
260 _aUnited Kingdom
260 _bThe British Editorial Society of Bone & Joint Surgery
650 _a Diseases of the musculoskeletal system
650 _a Internal medicine
650 _a Specialties of internal medicine
650 _aMedicine
856 _uhttps://doaj.org/toc/3f9d8f7bb9b6424c982a5e97684213dd
942 _2ddc
942 _cDOAJEJ
999 _c71207
_d71207
945 _a1
_bMadushi Gamage
_c1
_dMadushi Gamage